The big wave / (Record no. 975)

MARC details
000 -LEADER
fixed length control field 00944nam a22002657a 4500
005 - DATE AND TIME OF LATEST TRANSACTION
control field 20250227142356.0
020 ## - INTERNATIONAL STANDARD BOOK NUMBER
International Standard Book Number 9780439156103
040 ## - CATALOGING SOURCE
Original cataloging agency DLC
Language of cataloging eng
Transcribing agency ODaWU
Modifying agency OCoLC
-- KPT
-- DLC
050 00 - LIBRARY OF CONGRESS CALL NUMBER
Classification number PZ7.B879
Item number Bi
082 ## - DEWEY DECIMAL CLASSIFICATION NUMBER
Classification number 813
100 1# - MAIN ENTRY--PERSONAL NAME
Personal name Buck, Pearl S.
Fuller form of name (Pearl Sydenstricker),
Dates associated with a name 1892-1973.
245 14 - TITLE STATEMENT
Title The big wave /
Statement of responsibility, etc. Pearl S. Buck
250 ## - EDITION STATEMENT
Edition statement First Scholastic printing, November 1999.
260 ## - PUBLICATION, DISTRIBUTION, ETC.
Place of publication, distribution, etc. New York :
Name of publisher, distributor, etc. Scholastic,
Date of publication, distribution, etc. 1999.
300 ## - PHYSICAL DESCRIPTION
Extent 57 pages :
Dimensions 20 cm
505 ## - FORMATTED CONTENTS NOTE
Formatted contents note T <br/>
520 ## - SUMMARY, ETC.
Summary, etc. His family and village swept away by a tidal wave, Jiya learns to live with the ever-present dangers from the sea and volcano.
521 ## - TARGET AUDIENCE NOTE
Target audience note 790 <br/>
Source Lexile <br/>
521 ## - TARGET AUDIENCE NOTE
Target audience note T
Source Raz-Plus <br/>
650 ## - SUBJECT ADDED ENTRY--TOPICAL TERM
Topical term or geographic name entry element natural disasters
Form subdivision historical fiction
General subdivision adventure
Chronological subdivision tsunami
650 ## - SUBJECT ADDED ENTRY--TOPICAL TERM
Topical term or geographic name entry element natural disasters
Form subdivision historical fiction
General subdivision adventure
Chronological subdivision tsunami
906 ## - LOCAL DATA ELEMENT F, LDF (RLIN)
a 7
b cbc
c oclcrpl
d u
e ncip
f 19
g y-gencatlg
942 ## - ADDED ENTRY ELEMENTS (KOHA)
Source of classification or shelving scheme Dewey Decimal Classification
Koha item type Books
Suppress in OPAC No
999 ## -
-- 975
-- 975
Holdings
Withdrawn status Lost status Source of classification or shelving scheme Damaged status Not for loan Collection Home library Current library Shelving location Date acquired Total Checkouts Full call number Barcode Date last seen Copy number Price effective from Koha item type Date last checked out
    Dewey Decimal Classification     Juvenile Fiction Footprints International School Library Network Toul Kork Campus Footprints International School Library Network Toul Kork Campus A TK Campus, 4th Floor, Room B401, Fiction Bookcases (1-6) 07/17/2023   BUC 813 PZ7.B879 FISTK05394 07/17/2023 1 07/17/2023 Books  
    Dewey Decimal Classification     Juvenile Fiction Footprints International School Library Network Toul Kork Campus Footprints International School Library Network Toul Kork Campus A TK Campus, 4th Floor, Room B401, Fiction Bookcases (1-6) 02/06/2024   BUC 813 PZ7.B879 FISTK00175 02/06/2024 2 02/06/2024 Books  
    Dewey Decimal Classification     Juvenile Fiction Footprints International School Library Network Toul Kork Campus Footprints International School Library Network Toul Kork Campus A TK Campus, 4th Floor, Room B401, Fiction Bookcases (1-6) 02/06/2024   BUC 813 PZ7.B879 FISTK04846 02/06/2024 3 02/06/2024 Books  
    Dewey Decimal Classification     Juvenile Fiction Footprints International School Library Network Toul Kork Campus Footprints International School Library Network Toul Kork Campus TTP Secondary Fiction Bookshelves 02/27/2025 1 BUC 813 PZ7.B879 2025-0707 09/19/2025 4 02/27/2025 Books 08/19/2025